Home Survey Level 2 Survey and Valuation Report (Record no. 121255)
[ view plain ]
| 000 -LEADER | |
|---|---|
| fixed length control field | 00595nam a22001217a 4500 |
| 008 - FIXED-LENGTH DATA ELEMENTS--GENERAL INFORMATION | |
| fixed length control field | 281122|2021 eng||||| |||| 00| 0 eng d |
| 245 ## - TITLE STATEMENT | |
| Title | Home Survey Level 2 Survey and Valuation Report |
| Subtitle | Sample |
| 260 ## - PUBLICATION INFORMATION | |
| Place of publication | United Kingdom |
| Date | 2021 |
| 520 ## - ABSTRACT | |
| Abstract | Replaces earlier home surveys or housebuyer reports. |
| 690 ## - LOCAL SUBJECT ADDED ENTRY--TOPICAL TERM (OCLC, RLIN) | |
| 9 (RLIN) | 6270 |
| Topical term or geographic name as entry element | Survey reports |
| 710 ## - ADDED CORPORATE NAME | |
| 9 (RLIN) | 4900 |
| Added corporate author | Royal Institution of Chartered Surveyors |
| 856 ## - ONLINE RESOURCE | |
| Uniform Resource Identifier | https://www.rics.org/globalassets/rics-website/media/upholding-professional-standards/sector-standards/home-survey--2021/rhs-level-two-survey-and-valuation-report.pdf |
| Public note | Available on RICS.org |
| Withdrawn status | Lost status | Source of classification or shelving scheme | Damaged status | Not for loan | Home library | Current library | Date acquired | Total Checkouts | Date last seen | Price effective from | Koha item type |
|---|---|---|---|---|---|---|---|---|---|---|---|
| Dewey Decimal Classification | Virtual | Virtual | 03/01/2022 | 28/11/2022 | 28/11/2022 | Online material |